| 000 -LEADER | |
|---|---|
| fixed length control field | 00405nam a22001697a 4500 |
| 005 - DATE AND TIME OF LATEST TRANSACTION | |
| control field | 20180517142726.0 |
| 008 - FIXED-LENGTH DATA ELEMENTS--GENERAL INFORMATION | |
| fixed length control field | 160627b xxu||||| |||| 00| 0 eng d |
| 020 ## - INTERNATIONAL STANDARD BOOK NUMBER | |
| ISBN | 81-203-2255-X |
| 041 ## - LANGUAGE CODE | |
| Language code of text/sound track or separate title | eng |
| 082 ## - DEWEY DECIMAL CLASSIFICATION NUMBER | |
| Item number | 10291 |
| Classification number | 351 |
| 100 ## - MAIN ENTRY--AUTHOR NAME | |
| Personal name | Henrry, Nicholas |
| 245 ## - TITLE STATEMENT | |
| Title | Public Administration and Public Affairs |
| 260 ## - PUBLICATION, DISTRIBUTION, ETC. (IMPRINT) | |
| Name of publisher | PHI |
| Year of publication | 2004 |
| 300 ## - PHYSICAL DESCRIPTION | |
| Number of Pages | 422 |
| 650 ## - SUBJECT ADDED ENTRY--TOPICAL TERM | |
| Topical Term | Management |
| 942 ## - ADDED ENTRY ELEMENTS (KOHA) | |
| Koha item type | Books |
| Lost status | Damaged status | Collection code | Home library | Current library | Shelving location | Date acquired | Cost, normal purchase price | Full call number | Accession Number | Koha item type |
|---|---|---|---|---|---|---|---|---|---|---|
| LAW | JRU Library | JRU Library | SHELF-29-F | 27/06/2016 | 250.00 | 351 | 10291 | Books | ||
| LAW | JRU Library | JRU Library | SHELF-29-F | 27/06/2016 | 250.00 | 351 | 10292 | Books | ||
| Reference | JRU Library | SHELF-29-F | 27/06/2016 | 250.00 | 351 | 10293 | Books | |||
| LAW | JRU Library | JRU Library | SHELF-29-F | 27/06/2016 | 250.00 | 351 | 10294 | Books | ||
| LAW | JRU Library | JRU Library | SHELF-29-F | 27/06/2016 | 250.00 | 351 | 10295 | Books | ||
| LAW | JRU Library | JRU Library | SHELF-29-F | 27/06/2016 | 250.00 | 351 | 10296 | Books |